[Event "I Festival Terra degli Elimi"]
[Site "Erice ITA"]
[Date "2010.08.01"]
[Round "6"]
[White "La Bella, Roberto"]
[Black "Di Via, Saverio"]
[Result "1-0"]
[WhiteElo "2098"]
[BlackElo "1740"]
[PlyCount "99"]
[EventDate "2010.07.28"]

1. e4 c6 2. d4 d5 3. e5 Bf5 4. g4 Bd7 5. f4 e6 6. Nf3 h6 7. Bd3 c5 8. c3 Nc6 9.
Be3 cxd4 10. cxd4 Rc8 11. Nc3 Qb6 12. Qd2 Bb4 13. Rc1 Na5 14. Kf2 Ne7 15. Rc2
O-O 16. Rhc1 Ba4 17. Nxa4 Bxd2 18. Nxb6 Bxc1 19. Nxc8 Bxe3+ 20. Kxe3 Rxc8 21.
Rxc8+ Nxc8 22. Nd2 a6 23. b4 Nc6 24. a3 b5 25. Nb3 Nb6 26. Nc5 Nb8 27. f5 exf5
28. gxf5 Kf8 29. Be2 Ke7 30. Bf3 Ke8 31. Bh5 Ke7 32. Be2 Kf8 33. Kd3 Ke7 34.
Kc3 Kf8 35. Bf3 Ke7 36. Be2 Kf8 37. Bd1 Ke7 38. Bb3 Ke8 39. a4 bxa4 40. Nxa4
Nxa4+ 41. Bxa4+ Ke7 42. Bb3 f6 43. Bxd5 fxe5 44. dxe5 Nd7 45. Kd4 Nb8 46. Bb7
Kf7 47. Kd5 g5 48. Kd6 h5 49. e6+ Ke8 50. f6 1-0

[Event "I Festival Terra degli Elimi"]
[Site "Erice ITA"]
[Date "2010.08.01"]
[Round "6"]
[White "Ljubisavljevic, Zivojin Z."]
[Black "Valguarnera, Girolamo"]
[Result "1/2-1/2"]
[WhiteElo "2271"]
[BlackElo "2179"]
[PlyCount "126"]
[EventDate "2010.07.28"]

1. d4 Nf6 2. c3 d5 3. Bf4 e6 4. e3 Be7 5. Nd2 O-O 6. Bd3 c5 7. g4 Nc6 8. g5 Nd7
9. Ngf3 Re8 10. h4 Bf8 11. Qc2 g6 12. h5 e5 13. dxe5 Ndxe5 14. Nxe5 Nxe5 15.
Bxe5 Rxe5 16. hxg6 hxg6 17. Nf3 Re6 18. O-O-O Qa5 19. Rh4 b5 20. Nh2 Bg7 21.
Ng4 c4 22. Nf6+ Rxf6 23. gxf6 cxd3 24. Qxd3 Bxf6 25. Qxd5 Bxh4 26. Qxa8 Qc7 27.
Qe4 Be7 28. Qd4 Qb7 29. Qd5 Qxd5 30. Rxd5 a6 31. a4 Be6 32. Rd4 Kf8 33. axb5
axb5 34. Kd2 Ke8 35. Kc2 Bf6 36. Rb4 Bc4 37. b3 Bf1 38. c4 bxc4 39. bxc4 Bh4
40. c5 Bxf2 41. Rf4 Bxe3 42. Re4+ Kd7 43. Rxe3 Kc6 44. Re5 Bc4 45. Kc3 Be6 46.
Kd4 Kc7 47. Rg5 Kc6 48. Rg1 Kc7 49. Ra1 g5 50. Ra7+ Kc6 51. Ra6+ Kc7 52. c6 Bc8
53. Ra7+ Kxc6 54. Rxf7 Kd6 55. Rf6+ Ke7 56. Ke5 g4 57. Rg6 Kf7 58. Rc6 Bd7 59.
Rc7 Ke7 60. Rc3 Be6 61. Re3 Bc8 62. Rd3 Bb7 63. Ra3 Kd7 1/2-1/2

[Event "I Festival Terra degli Elimi"]
[Site "Erice ITA"]
[Date "2010.08.01"]
[Round "6"]
[White "Lo Piccolo, Antonino"]
[Black "Palazzotto, Roberto"]
[Result "0-1"]
[WhiteElo "1879"]
[BlackElo "1973"]
[PlyCount "36"]
[EventDate "2010.07.28"]

1. e4 c5 2. c3 e5 3. Nf3 Nc6 4. d4 cxd4 5. cxd4 exd4 6. Nxd4 Bb4+ 7. Bd2 Qe7 8.
Nb5 d5 9. Bxb4 Nxb4 10. N1c3 Nf6 11. Be2 a6 12. Qa4 O-O 13. a3 axb5 14. Qxa8
Nc2+ 15. Kd2 Nxa1 16. Rxa1 Nxe4+ 17. Nxe4 Qxe4 18. Rc1 Bg4 0-1

[Event "I Festival Terra degli Elimi"]
[Site "Erice ITA"]
[Date "2010.08.01"]
[Round "6"]
[White "Lo Pinto, Giovanni"]
[Black "Bifulco, Michel"]
[Result "1/2-1/2"]
[WhiteElo "1929"]
[BlackElo "1952"]
[PlyCount "38"]
[EventDate "2010.07.28"]

1. e4 c5 2. Nf3 d6 3. d4 cxd4 4. Nxd4 Nf6 5. Nc3 g6 6. Be3 Bg7 7. f3 O-O 8. Qd2
Nc6 9. O-O-O Nxd4 10. Bxd4 Be6 11. Kb1 Qc7 12. h4 Rfc8 13. Be2 Qa5 14. Nd5 Qxd2
15. Nxf6+ Bxf6 16. Rxd2 Bxd4 17. Rxd4 Rc5 18. Rhd1 Rac8 19. c3 Rh5 1/2-1/2

[Event "I Festival Terra degli Elimi"]
[Site "Erice ITA"]
[Date "2010.08.01"]
[Round "6"]
[White "Mancuso, Fabrizio"]
[Black "Milletari', Ruggero"]
[Result "0-1"]
[WhiteElo "1335"]
[BlackElo "1605"]
[PlyCount "94"]
[EventDate "2010.07.28"]

1. e4 e6 2. d4 d5 3. exd5 exd5 4. Nf3 Nf6 5. Bg5 Bg4 6. Qe2+ Qe7 7. Nc3 Qxe2+
8. Bxe2 Nbd7 9. O-O c6 10. Rfe1 O-O-O 11. h3 Bxf3 12. Bxf3 h6 13. Bh4 g5 14.
Bg3 Bb4 15. a3 Ba5 16. b4 Bb6 17. Red1 Nh7 18. Bg4 Bc7 19. Bxc7 Kxc7 20. Na4
Nhf6 21. Bf5 b6 22. Re1 Rhe8 23. Nc3 Rxe1+ 24. Rxe1 Ne8 25. Re7 Nd6 26. Rxd7+
Rxd7 27. Bxd7 Kxd7 28. Kh2 Ne4 29. Nxe4 dxe4 30. Kg3 f5 31. f4 exf3 32. Kxf3
Kd6 33. c4 b5 34. c5+ Kd5 35. Ke3 f4+ 36. Kd3 a6 37. Kc3 Ke4 38. Kd2 Kxd4 39.
Ke2 Ke4 40. Kf2 h5 41. Ke2 g4 42. Kf2 g3+ 43. Ke2 h4 44. Kf1 f3 45. gxf3+ Kxf3
46. a4 bxa4 47. b5 axb5 0-1

[Event "I Festival Terra degli Elimi"]
[Site "Erice ITA"]
[Date "2010.08.01"]
[Round "6"]
[White "Morello, Guido"]
[Black "Agnello, Francesco Claudio"]
[Result "1-0"]
[WhiteElo "1973"]
[BlackElo "1470"]
[PlyCount "63"]
[EventDate "2010.07.28"]

1. e4 c5 2. a3 e6 3. b4 cxb4 4. axb4 Bxb4 5. c3 Bc5 6. d4 Bb6 7. Na3 d6 8. Qg4
Qf6 9. Nb5 Kd7 10. Nf3 Qg6 11. Qf4 Bc7 12. Nxc7 Kxc7 13. Ba3 e5 14. dxe5 dxe5
15. Qxe5+ Kd8 16. Rd1+ Bd7 17. Bb5 Nf6 18. Qe7+ Kc8 19. Qc5+ Nc6 20. O-O Nxe4
21. Qd5 Nf6 22. Qd6 Rd8 23. Bxc6 bxc6 24. Ne5 Ne4 25. Nxg6 Nxd6 26. Ne7+ Kb7
27. Bxd6 Bg4 28. f3 Be6 29. Rb1+ Ka6 30. Rfd1 f6 31. Nxc6 Rdc8 32. Rb4 1-0

[Event "I Festival Terra degli Elimi"]
[Site "Erice ITA"]
[Date "2010.08.01"]
[Round "6"]
[White "Nobile, Stefano"]
[Black "Savalla, Pietro"]
[Result "0-1"]
[WhiteElo "1740"]
[BlackElo "1583"]
[PlyCount "86"]
[EventDate "2010.07.28"]

1. d4 Nf6 2. c4 c5 3. Nf3 cxd4 4. Nxd4 g6 5. Nc3 Bg7 6. e3 O-O 7. Be2 Nc6 8.
O-O a6 9. Bf3 Ne5 10. Be2 Qc7 11. b3 d6 12. f4 Nc6 13. Bb2 e6 14. Qd2 Rd8 15.
Rad1 d5 16. Nxc6 bxc6 17. Bf3 Bb7 18. c5 Qa5 19. Na4 Qxd2 20. Rxd2 Nd7 21. Bxg7
Kxg7 22. b4 a5 23. a3 axb4 24. Bd1 bxa3 25. Ra2 Ra5 26. Rxa3 Nxc5 27. Nxc5 Rxc5
28. Ra7 Rd7 29. Be2 Bc8 30. Ra8 Rc7 31. Rb1 Bd7 32. Rbb8 Rc1+ 33. Kf2 c5 34. g4
Kf6 35. g5+ Ke7 36. Rh8 c4 37. Rag8 c3 38. Rxh7 c2 39. Rxg6 Rb1 40. Rf6 c1=Q
41. Rhxf7+ Kd6 42. h4 Qg1+ 43. Kf3 Rc3 0-1

[Event "I Festival Terra degli Elimi"]
[Site "Erice ITA"]
[Date "2010.08.01"]
[Round "6"]
[White "Piazza, Francesco"]
[Black "Savalla, Gianluca"]
[Result "1/2-1/2"]
[WhiteElo "1392"]
[BlackElo "1362"]
[PlyCount "74"]
[EventDate "2010.07.28"]

1. e4 e5 2. Nf3 Nf6 3. Nc3 Nc6 4. Bb5 Be7 5. O-O O-O 6. d4 exd4 7. Nxd4 a6 8.
Nxc6 dxc6 9. Bd3 Be6 10. Bg5 Re8 11. a3 h6 12. Bh4 Rb8 13. h3 a5 14. Qf3 b6 15.
Rad1 Qc8 16. Rd2 Rd8 17. Rfd1 Qb7 18. e5 Nd5 19. Bxe7 Nxc3 20. Bh7+ Kxh7 21.
Rxd8 Nxd1 22. Qxd1 Rxd8 23. Bxd8 a4 24. Qd4 b5 25. f4 Qc8 26. Be7 Qe8 27. Qd8
Qd7 28. Qxd7 Bxd7 29. Bd8 Kg6 30. Kh2 Bf5 31. c3 Be4 32. Bxc7 Kf5 33. g3 Bd5
34. Kg1 Ke4 35. Bd6 f6 36. Kh2 Kf3 37. Bc5 h5 1/2-1/2

[Event "I Festival Terra degli Elimi"]
[Site "Erice ITA"]
[Date "2010.08.01"]
[Round "6"]
[White "Profumo, Alberto"]
[Black "Marholev, Dimitar"]
[Result "0-1"]
[WhiteElo "2261"]
[BlackElo "2428"]
[PlyCount "68"]
[EventDate "2010.07.28"]

1. Nf3 Nf6 2. c4 g6 3. Nc3 Bg7 4. d4 O-O 5. g3 d6 6. Bg2 Nbd7 7. O-O e5 8. e4
exd4 9. Nxd4 Re8 10. h3 Nc5 11. Re1 a5 12. Qc2 Bd7 13. Be3 Qc8 14. g4 h5 15. g5
Nh7 16. Kh2 Nxg5 17. Bxg5 Bxd4 18. Nd5 Ne6 19. Qd2 Be5+ 20. f4 Nxg5 21. fxe5
Rxe5 22. Rf1 Qd8 23. Nf6+ Kg7 24. h4 Ne6 25. Rf2 Qe7 26. Raf1 Rf8 27. Qc3 Nc5
28. Qg3 Bg4 29. b3 c6 30. Rd2 Re6 31. Nxg4 hxg4 32. Qc3+ Kg8 33. Qxa5 Qxh4+ 34.
Kg1 Qg3 0-1

[Event "I Festival Terra degli Elimi"]
[Site "Erice ITA"]
[Date "2010.08.01"]
[Round "6"]
[White "Puleo, Diego"]
[Black "Bertino, Giacomo"]
[Result "0-1"]
[WhiteElo "1938"]
[BlackElo "1988"]
[PlyCount "104"]
[EventDate "2010.07.28"]

1. d4 d5 2. Nf3 Nf6 3. c4 dxc4 4. Nc3 a6 5. a4 Nc6 6. e4 Bg4 7. Be3 Bxf3 8.
gxf3 Na5 9. d5 e6 10. Qc2 exd5 11. Rd1 Bb4 12. Rg1 c5 13. exd5 g6 14. Be2 Qd6
15. f4 O-O-O 16. Kf1 Rhe8 17. Bf3 h5 18. f5 Qxh2 19. fxg6 fxg6 20. Qxg6 Bxc3
21. Qf5+ Nd7 22. Bf4 Rf8 23. Qxf8 Qxg1+ 24. Kxg1 Rxf8 25. Bd6 Rxf3 26. bxc3 Rf6
27. Be7 Rg6+ 28. Kh1 b5 29. axb5 axb5 30. Ra1 Ra6 31. f4 Nf6 32. Bxf6 Rxf6 33.
Rxa5 Rd6 34. Rxb5 Rxd5 35. Kg2 Kc7 36. Rb2 Kd7 37. Kg3 Rd3+ 38. Kh4 Ke6 39.
Re2+ Kf5 40. Re5+ Kxf4 41. Rxc5 Rxc3 42. Kxh5 Ke4 43. Kg4 Kd4 44. Rc8 Re3 45.
Kf4 Re7 46. Kf3 Kd3 47. Kf2 c3 48. Kf3 Kc2 49. Rc6 Kd2 50. Rd6+ Kc1 51. Rc6 c2
52. Kf2 Rb7 0-1

[Event "I Festival Terra degli Elimi"]
[Site "Erice ITA"]
[Date "2010.08.01"]
[Round "7"]
[White "Agnello, Francesco Claudio"]
[Black "Nobile, Stefano"]
[Result "1/2-1/2"]
[WhiteElo "1470"]
[BlackElo "1740"]
[PlyCount "63"]
[EventDate "2010.07.28"]

1. d4 Nf6 2. e3 b6 3. f4 e6 4. Nf3 Bb7 5. Bd3 Be7 6. O-O O-O 7. Nbd2 d5 8. Ne5
c5 9. c3 Nbd7 10. Ndf3 Rc8 11. Bd2 Ne4 12. Qc2 f6 13. Nxd7 Qxd7 14. Be1 Bd6 15.
Nd2 f5 16. Qd1 Rf6 17. Nf3 c4 18. Be2 b5 19. Ne5 Bxe5 20. fxe5 Rh6 21. Rf3 Qe7
22. Rb1 Kh8 23. b3 cxb3 24. Rxb3 a6 25. Qc2 b4 26. Qb2 bxc3 27. Bxc3 Qh4 28. h3
Rxc3 29. Rxc3 Qe1+ 30. Rf1 Qxc3 31. Qxb7 Qxe3+ 32. Kh2 1/2-1/2

[Event "I Festival Terra degli Elimi"]
[Site "Erice ITA"]
[Date "2010.08.01"]
[Round "7"]
[White "Bertino, Giacomo"]
[Black "Gangemi, Salvatore"]
[Result "1-0"]
[WhiteElo "1988"]
[BlackElo "2091"]
[PlyCount "155"]
[EventDate "2010.07.28"]

1. Nf3 Nf6 2. d4 d5 3. e3 e6 4. Bd3 Nbd7 5. Nbd2 c5 6. c3 Bd6 7. O-O O-O 8. Re1
e5 9. e4 cxd4 10. cxd4 dxe4 11. Nxe4 Bb4 12. Nxf6+ Nxf6 13. Rxe5 Bg4 14. Bg5
Bd6 15. Re4 Qd7 16. Bxf6 gxf6 17. h3 f5 18. Re1 Bh5 19. Be2 Qd8 20. Ne5 Bg6 21.
Qb3 Qe7 22. Bf3 Qh4 23. Rad1 Kg7 24. Nc4 Bc7 25. d5 b5 26. Qxb5 Rab8 27. Qc5
Bd8 28. Qd4+ Qxd4 29. Rxd4 Bf6 30. Rd2 Rb4 31. Rc2 f4 32. Be4 Re8 33. f3 Bh4
34. Ree2 f5 35. Bd3 Rd8 36. d6 Bf7 37. a3 Rb3 38. Red2 Be1 39. Rd1 Bg3 40. Bxf5
Rb5 41. Be4 Be6 42. a4 Rb4 43. Bd5 Bxd5 44. Rxd5 Rxa4 45. Rc1 Kf6 46. Kf1 Ke6
47. Rd2 Bh4 48. Ke2 Bf6 49. Kd3 Kd7 50. Ke4 Rc8 51. b3 Rb4 52. Rd3 a5 53. Kf5
Bg7 54. Re1 Rb5+ 55. Kxf4 Bh6+ 56. Kg3 Rg8+ 57. Kf2 Bg5 58. g3 Bf6 59. f4 Rgb8
60. Ne5+ Bxe5 61. Rxe5 Rxb3 62. Rxb3 Rxb3 63. Rxa5 Kxd6 64. Ra7 h5 65. Ra6+ Kd5
66. Ra5+ Ke4 67. Re5+ Kd4 68. Rxh5 Ke4 69. Re5+ Kd4 70. h4 Rc3 71. h5 Ra3 72.
Kg2 Ra1 73. Kh3 Rh1+ 74. Kg4 Rh2 75. Kg5 Rh1 76. g4 Rh2 77. h6 Rh1 78. Re8 1-0

[Event "I Festival Terra degli Elimi"]
[Site "Erice ITA"]
[Date "2010.08.01"]
[Round "7"]
[White "Bifulco, Michel"]
[Black "Gromovs, Sergejs"]
[Result "1/2-1/2"]
[WhiteElo "1952"]
[BlackElo "2365"]
[PlyCount "97"]
[EventDate "2010.07.28"]

1. d4 Nf6 2. Nf3 g6 3. b3 Bg7 4. Bb2 O-O 5. Nbd2 a5 6. a4 d5 7. e3 Ne4 8. Bd3
f5 9. Ne5 e6 10. O-O Nd7 11. f4 Nxe5 12. dxe5 c5 13. Qe2 Qc7 14. Nxe4 fxe4 15.
Bb5 Bd7 16. Bxd7 Qxd7 17. Rad1 Rfd8 18. Rd2 Qc6 19. Rfd1 Rd7 20. h4 Rad8 21. h5
gxh5 22. Qxh5 Rf7 23. g4 d4 24. Rh2 Rd5 25. Qxh7+ Kf8 26. Qxe4 dxe3 27. Rxd5
exd5 28. Qxe3 d4 29. Qg3 Qe4 30. Rf2 Kg8 31. Qd3 Rxf4 32. Qc4+ Kh7 33. Rxf4
Qxf4 34. Qd3+ Kg8 35. Qc4+ Kh8 36. Qxc5 Qxg4+ 37. Kf2 Qf5+ 38. Ke2 Qe4+ 39. Kf2
Qe3+ 40. Kg2 Qe2+ 41. Kg1 Qe1+ 42. Kg2 Qe4+ 43. Kf2 Bxe5 44. Qf8+ Kh7 45. Qe7+
Kg6 46. Qe6+ Kg7 47. Qe7+ Kg6 48. Qe6+ Kg7 49. Qe7+ 1/2-1/2

[Event "I Festival Terra degli Elimi"]
[Site "Erice ITA"]
[Date "2010.08.01"]
[Round "7"]
[White "Condorelli, Roberto"]
[Black "Monaco, Alessandro"]
[Result "1/2-1/2"]
[WhiteElo "1653"]
[BlackElo "1802"]
[PlyCount "59"]
[EventDate "2010.07.28"]

1. Nf3 c5 2. c4 Nc6 3. d4 cxd4 4. Nxd4 g6 5. Nc3 Bg7 6. Ndb5 a6 7. Na3 Nf6 8.
g3 O-O 9. Bg2 d6 10. O-O h6 11. Nc2 Rb8 12. Ne3 e6 13. Rb1 Qc7 14. b3 b6 15.
Bb2 Bb7 16. Ne4 Nxe4 17. Bxe4 Ne5 18. Bxb7 Rxb7 19. Qd2 Qe7 20. f4 Nd7 21. Bxg7
Kxg7 22. Qc3+ Kh7 23. Ng2 Rc7 24. Qd2 Nf6 25. Qd4 Rc5 26. a4 e5 27. Qd3 e4 28.
Qd4 Qe6 29. Ne3 Qe7 30. Rbd1 1/2-1/2

[Event "I Festival Terra degli Elimi"]
[Site "Erice ITA"]
[Date "2010.08.01"]
[Round "7"]
[White "Di Via, Saverio"]
[Black "Ardizzone, Luigi"]
[Result "1-0"]
[WhiteElo "1740"]
[BlackElo "1562"]
[PlyCount "75"]
[EventDate "2010.07.28"]

1. c3 c5 2. e4 Nc6 3. Nf3 d6 4. Bb5 Bd7 5. O-O g6 6. d4 cxd4 7. Nxd4 Bg7 8. Be3
Nf6 9. Nd2 O-O 10. Bd3 Ne5 11. Bc2 a6 12. f4 Neg4 13. Qe1 Nxe3 14. Qxe3 e5 15.
N4f3 Ng4 16. Qe2 exf4 17. Bb3 Qb6+ 18. Kh1 Rae8 19. Ng5 Qc5 20. Nxf7 Rxf7 21.
Bxf7+ Kxf7 22. Rxf4+ Kg8 23. Rxg4 Bxg4 24. Qxg4 Qe3 25. Rd1 Bh6 26. Qf3 Qb6 27.
Nc4 Qd8 28. Nxd6 Rf8 29. Qd3 Qf6 30. Qd5+ Kh8 31. Qd4 Qxd4 32. cxd4 Bf4 33. e5
Kg7 34. Rf1 g5 35. g3 Be3 36. Rxf8 Kxf8 37. e6 Bxd4 38. e7+ 1-0

[Event "I Festival Terra degli Elimi"]
[Site "Erice ITA"]
[Date "2010.08.01"]
[Round "7"]
[White "Fontana, Giulio"]
[Black "Puleo, Diego"]
[Result "0-1"]
[WhiteElo "1602"]
[BlackElo "1938"]
[PlyCount "104"]
[EventDate "2010.07.28"]

1. e4 c5 2. Nf3 Nc6 3. Bc4 e6 4. Nc3 a6 5. a4 Qc7 6. d3 Nf6 7. Ne2 d5 8. exd5
exd5 9. Ba2 Bd6 10. Bg5 Be6 11. h3 h6 12. Bd2 O-O 13. Qc1 Rfe8 14. O-O Bxh3 15.
gxh3 Rxe2 16. Be3 d4 17. Qd1 Rxe3 18. fxe3 dxe3 19. c3 Re8 20. Qe2 Bg3 21. Rad1
Bf2+ 22. Rxf2 exf2+ 23. Qxf2 Qf4 24. Nh4 Qg5+ 25. Ng2 Qh5 26. Rf1 Qxh3 27. Nf4
Qf5 28. Qg3 Qg5 29. Qxg5 hxg5 30. Nh3 Re3 31. Kg2 g4 32. Ng5 Nd8 33. Rd1 Re2+
34. Kg1 Rxb2 35. Bc4 b5 36. d4 bxc4 37. dxc5 Rb8 38. Rd6 Rc8 39. Rxa6 Rxc5 40.
Ra8 Rxg5 41. Rxd8+ Kh7 42. Rc8 Ra5 43. Rxc4 Kg6 44. Rb4 Kg5 45. c4 Kh4 46. Kg2
Nh5 47. Kh2 f5 48. Kh1 f4 49. Kg2 f3+ 50. Kh2 g3+ 51. Kh1 Kh3 52. c5 Rxc5 0-1

[Event "I Festival Terra degli Elimi"]
[Site "Erice ITA"]
[Date "2010.08.01"]
[Round "7"]
[White "Lissandrello, Luca"]
[Black "Milletari', Ruggero"]
[Result "1-0"]
[WhiteElo "1655"]
[BlackElo "1605"]
[PlyCount "89"]
[EventDate "2010.07.28"]

1. e4 e6 2. c4 Ne7 3. Nc3 d5 4. cxd5 exd5 5. exd5 Nxd5 6. Bc4 Nxc3 7. bxc3 Bd6
8. Qf3 Qe7+ 9. Ne2 Nc6 10. d4 Bd7 11. O-O O-O 12. Bd2 Na5 13. Bd3 Qh4 14. Ng3
b6 15. Rfe1 Rfe8 16. h3 g6 17. Rac1 Bxg3 18. fxg3 Rxe1+ 19. Rxe1 Qd8 20. Bh6
Bc6 21. Qf4 Qd5 22. Re2 Qd6 23. Qe3 f5 24. Bf4 Qd7 25. Be5 Re8 26. Qg5 Qe7 27.
Bf6 Qf7 28. Be5 Bd5 29. Rf2 Qe7 30. Qf4 c6 31. Qh6 Nc4 32. Bxc4 Bxc4 33. a3 c5
34. Rf3 Bd5 35. Re3 Be4 36. g4 fxg4 37. Rxe4 g3 38. Re3 cxd4 39. cxd4 Rc8 40.
Rxg3 Qf7 41. Rf3 Qe7 42. Qf4 Rc6 43. Qe4 Rc1+ 44. Kh2 Rc8 45. Qd5+ 1-0

[Event "I Festival Terra degli Elimi"]
[Site "Erice ITA"]
[Date "2010.08.01"]
[Round "7"]
[White "Lo Cascio, Marco"]
[Black "Piazza, Dario"]
[Result "1/2-1/2"]
[WhiteElo "1593"]
[BlackElo "1662"]
[PlyCount "20"]
[EventDate "2010.07.28"]

1. e4 d6 2. d4 Nf6 3. Nc3 c6 4. Bd3 Nbd7 5. Nge2 e5 6. f4 Be7 7. O-O exd4 8.
Nxd4 Nc5 9. Kh1 Nxd3 10. Qxd3 Bd7 1/2-1/2

[Event "I Festival Terra degli Elimi"]
[Site "Erice ITA"]
[Date "2010.08.01"]
[Round "7"]
[White "Lo Piccolo, Antonino"]
[Black "Profumo, Alberto"]
[Result "0-1"]
[WhiteElo "1879"]
[BlackElo "2261"]
[PlyCount "120"]
[EventDate "2010.07.28"]

1. e4 c6 2. d4 d5 3. exd5 cxd5 4. Bd3 Nc6 5. Nf3 Bg4 6. c3 a6 7. Nbd2 Nf6 8. h3
Bh5 9. O-O e6 10. Qb3 Na5 11. Qc2 Bxf3 12. Nxf3 Bd6 13. Re1 Rc8 14. Ne5 Nc6 15.
Nxc6 Rxc6 16. Bg5 h6 17. Bh4 g5 18. Bg3 Qc7 19. Bxd6 Qxd6 20. Qe2 Ke7 21. Qe5
Rcc8 22. Qxd6+ Kxd6 23. Re3 h5 24. g3 Nd7 25. Rae1 Rh6 26. Bf1 f5 27. f4 gxf4
28. gxf4 h4 29. R1e2 Rg6+ 30. Rg2 Rcg8 31. Ree2 Rg3 32. Kf2 Nf6 33. Rxg3 Ne4+
34. Ke1 Rxg3 35. Bg2 b5 36. a3 a5 37. Bf1 Rg1 38. Rg2 Rh1 39. Re2 Ng3 40. Rf2
Kc6 41. Rf3 b4 42. axb4 axb4 43. Rf2 b3 44. Rf3 Nxf1 45. Rxf1 Rxh3 46. Rf2 Rg3
47. Rh2 Rg4 48. Rf2 Kb5 49. Ke2 Kc4 50. Kf1 Kd3 51. Rh2 Rxf4+ 52. Ke1 Rg4 53.
Rh3+ Ke4 54. Kf2 f4 55. Kf1 f3 56. Kf2 Rg2+ 57. Kf1 Rxb2 58. Rxh4+ Ke3 59. Kg1
Rg2+ 60. Kf1 b2 0-1

[Event "I Festival Terra degli Elimi"]
[Site "Erice ITA"]
[Date "2010.08.01"]
[Round "7"]
[White "Marholev, Dimitar"]
[Black "Valguarnera, Girolamo"]
[Result "0-1"]
[WhiteElo "2428"]
[BlackElo "2179"]
[PlyCount "100"]
[EventDate "2010.07.28"]

1. e4 c6 2. d4 d5 3. Nd2 dxe4 4. Nxe4 Nd7 5. Nf3 Ngf6 6. Ned2 e6 7. Nc4 Be7 8.
Bd3 O-O 9. O-O Nb6 10. Nce5 c5 11. dxc5 Bxc5 12. Bg5 Be7 13. Qe2 Qc7 14. Rad1
Nbd5 15. a3 h6 16. Bc1 Bd6 17. c4 Ne7 18. b4 a5 19. c5 Bxe5 20. Nxe5 axb4 21.
axb4 Ned5 22. Ng4 Nxg4 23. Qxg4 f5 24. Qc4 Ra4 25. Bd2 Bd7 26. Rfe1 b6 27. c6
Qxc6 28. Qxc6 Bxc6 29. Rxe6 Ba8 30. Bc4 Kh7 31. Rd6 Nf6 32. Be1 Rb8 33. f3 Kg6
34. Bd3 Ra3 35. Bg3 Rb7 36. Bf2 Rd7 37. Bf1 Rb7 38. Bxb6 Kg5 39. b5 Rb3 40. Ra1
Rb8 41. Bf2 f4 42. b6 h5 43. h4+ Kh6 44. Bd4 Kh7 45. Be5 Rf8 46. Bd3+ Be4 47.
fxe4 Ng4 48. Bc2 Re3 49. Bd4 Re2 50. Bd1 Re1# 0-1

[Event "I Festival Terra degli Elimi"]
[Site "Erice ITA"]
[Date "2010.08.01"]
[Round "7"]
[White "Morello, Guido"]
[Black "La Bella, Roberto"]
[Result "0-1"]
[WhiteElo "1973"]
[BlackElo "2098"]
[PlyCount "40"]
[EventDate "2010.07.28"]

1. e4 e5 2. Bc4 Nf6 3. Nc3 Nxe4 4. Qh5 Nd6 5. Bb3 Be7 6. d3 O-O 7. Nf3 Nc6 8.
Ng5 h6 9. h4 Nd4 10. Be3 Nxb3 11. axb3 Nf5 12. Nd5 Nxe3 13. fxe3 c6 14. Nxe7+
Qxe7 15. O-O-O f6 16. Nh3 d5 17. Qe2 a5 18. g4 a4 19. bxa4 Rxa4 20. Kb1 Bxg4
0-1

[Event "I Festival Terra degli Elimi"]
[Site "Erice ITA"]
[Date "2010.08.01"]
[Round "7"]
[White "Palazzotto, Roberto"]
[Black "Ljubisavljevic, Zivojin Z."]
[Result "0-1"]
[WhiteElo "1973"]
[BlackElo "2271"]
[PlyCount "112"]
[EventDate "2010.07.28"]

1. e4 c6 2. d4 d5 3. Nc3 dxe4 4. Nxe4 Nf6 5. Nxf6+ gxf6 6. Nf3 Bf5 7. Bd3 Nd7
8. c3 Bxd3 9. Qxd3 e6 10. Bf4 h5 11. h4 Bh6 12. Bxh6 Rxh6 13. O-O-O Qa5 14. Kb1
O-O-O 15. Qc2 Rg6 16. g3 Qd5 17. Nd2 f5 18. Qb3 Qxb3 19. Nxb3 Rg4 20. Nc1 f4
21. Ne2 fxg3 22. fxg3 Nb6 23. Rdf1 Re4 24. Nf4 Rh8 25. Re1 Rxe1+ 26. Rxe1 Nd5
27. Nxd5 cxd5 28. Re5 Kd7 29. Rg5 Ke7 30. Kc2 Kf8 31. Re5 Kg7 32. Kd2 Kh6 33.
Ke2 Re8 34. Re3 f6 35. Kf2 Kg6 36. Kg2 b5 37. Kf2 Kf5 38. Kg2 e5 39. Kf2 Ke6
40. Kg2 Rg8 41. Kf2 e4 42. Re1 f5 43. Rh1 Rg4 44. b3 f4 45. gxf4 Kf5 46. Ke2
Rg2+ 47. Ke3 Rg3+ 48. Ke2 Kxf4 49. Rf1+ Rf3 50. Rc1 e3 51. Rg1 Rf2+ 52. Ke1
Rxa2 53. Rg5 Ke4 54. Rxh5 Kd3 55. Kf1 Ra1+ 56. Kg2 e2 0-1

[Event "I Festival Terra degli Elimi"]
[Site "Erice ITA"]
[Date "2010.08.01"]
[Round "7"]
[White "Savalla, Gianluca"]
[Black "Ferrante, Filippo"]
[Result "1-0"]
[WhiteElo "1362"]
[BlackElo "1619"]
[PlyCount "49"]
[EventDate "2010.07.28"]

1. e4 e6 2. d4 d5 3. exd5 exd5 4. Nf3 Bd6 5. Be2 Ne7 6. O-O Bg4 7. Nc3 c6 8.
Be3 Nd7 9. Re1 Qc7 10. h3 Bh5 11. a3 f6 12. Na4 O-O-O 13. Nc5 Nxc5 14. dxc5 Bf4
15. Qd2 Bxe3 16. Qxe3 Rhe8 17. Bd3 Bg6 18. Bxg6 hxg6 19. Qe6+ Kb8 20. Qf7 Nf5
21. Qxe8 Rxe8 22. Rxe8+ Qc8 23. Rxc8+ Kxc8 24. Re1 Kd7 25. g3 1-0

[Event "I Festival Terra degli Elimi"]
[Site "Erice ITA"]
[Date "2010.08.01"]
[Round "7"]
[White "Savalla, Pietro"]
[Black "Lo Pinto, Giovanni"]
[Result "1/2-1/2"]
[WhiteElo "1583"]
[BlackElo "1929"]
[PlyCount "55"]
[EventDate "2010.07.28"]

1. e4 e6 2. d4 d5 3. exd5 exd5 4. Nf3 Bg4 5. Be2 Bd6 6. h3 Bh5 7. Ne5 Bxe2 8.
Qxe2 Ne7 9. Nd2 O-O 10. Ndf3 Nbc6 11. Nxc6 Nxc6 12. Be3 Qd7 13. O-O Nb4 14. c3
Na6 15. Qd2 b5 16. Bf4 Rab8 17. Bxd6 cxd6 18. Qg5 Qc6 19. Nh4 f6 20. Qg3 Qd7
21. Qf3 Qf7 22. Nf5 Rfd8 23. Rfe1 Rb7 24. Re2 Kh8 25. Rae1 g6 26. Ne7 Rbd7 27.
Nxd5 f5 28. Re6 1/2-1/2

[Event "VI Festival A"]
[Site "Livorno ITA"]
[Date "2010.06.18"]
[Round "1"]
[White "Batoni, Fabrizio"]
[Black "Federico, Giancarlo"]
[Result "1/2-1/2"]
[WhiteElo "1988"]
[BlackElo "1830"]
[PlyCount "64"]
[EventDate "2010.06.18"]

1. e4 e6 2. d4 d5 3. Nd2 Nf6 4. e5 Nfd7 5. Ndf3 c5 6. c3 cxd4 7. cxd4 Nc6 8.
Bd3 f6 9. exf6 Nxf6 10. Ne2 Bd6 11. O-O O-O 12. Bf4 Bxf4 13. Nxf4 Qd6 14. Ne2
Ng4 15. Ng3 e5 16. dxe5 Ngxe5 17. Nxe5 Nxe5 18. Be2 Rd8 19. Qd4 Nc6 20. Qh4 Qe7
21. Qxe7 Nxe7 22. Rfd1 Be6 23. Rd2 Rd7 24. Rc1 a6 25. Bf3 Rad8 26. Rcd1 Nc6 27.
Ne2 Ne5 28. Nd4 Nxf3+ 29. Nxf3 Bg4 30. Ne5 Bxd1 31. Nxd7 Rxd7 32. Rxd1 Kf7
1/2-1/2

[Event "I Festival Spiaggia di Velluto A"]
[Site "Senigallia ITA"]
[Date "2010.07.25"]
[Round "1"]
[White "Belezky, Alexander"]
[Black "Gorgoglione, Enrico"]
[Result "1-0"]
[WhiteElo "2440"]
[BlackElo "1938"]
[PlyCount "141"]
[EventDate "2010.07.26"]

1. Nf3 c5 2. b3 Nc6 3. Bb2 d6 4. g3 e5 5. d3 Be6 6. Bg2 Be7 7. c4 Qd7 8. Nc3 g5
9. h4 g4 10. Ng5 h6 11. Nxe6 fxe6 12. h5 Nf6 13. Ne4 O-O-O 14. e3 Rhg8 15. a3
Rdf8 16. Nxf6 Bxf6 17. b4 Ne7 18. bxc5 dxc5 19. Rb1 b6 20. Bc3 Kc7 21. a4 e4
22. Bxf6 Rxf6 23. Bxe4 Rgf8 24. Rb2 Qd6 25. a5 Qe5 26. axb6+ axb6 27. Qb3 Nc8
28. Rh2 R8f7 29. Ke2 Qd6 30. Qc3 Qf8 31. Qe5+ Nd6 32. Ke1 Qb8 33. Ra2 Kd7 34.
Ra8 Qc7 35. Qa1 Nc8 36. Qa4+ Ke7 37. Qc6 Qxc6 38. Bxc6 Rf8 39. Ra2 Kd6 40. Ba4
Rf5 41. Bd1 Rg5 42. Rh4 Rfg8 43. Ra8 Kc7 44. Be2 Kb7 45. Ra2 Kc7 46. Bf1 Rd8
47. Ke2 Rf8 48. Bg2 Rgf5 49. Ke1 Rg5 50. Be4 Rd8 51. Ke2 Rf8 52. Bg6 Kb7 53.
Rh1 Rd8 54. Rha1 Kc7 55. Ra8 Re5 56. Rf1 Kb7 57. Raa1 Nd6 58. Ra3 Rg5 59. Rfa1
Nc8 60. Rd1 Nd6 61. Ra4 Re5 62. d4 Rg5 63. Ke1 Kc6 64. Ra7 cxd4 65. Rxd4 Rh8
66. Bc2 Rc8 67. Ba4+ Kc5 68. Bd7 Nf5 69. Bxc8 Nxd4 70. Rc7+ Nc6 71. Bb7 1-0